<?xml version="1.0" encoding="UTF-8"?>
<record
    xmlns:xsi="http://www.w3.org/2001/XMLSchema-instance"
    xsi:schemaLocation="http://www.loc.gov/MARC21/slim http://www.loc.gov/standards/marcxml/schema/MARC21slim.xsd"
    xmlns="http://www.loc.gov/MARC21/slim">

  <leader>01497nab a2200229 uc4500</leader>
  <controlfield tag="001">868286</controlfield>
  <controlfield tag="005">20250219091710.0</controlfield>
  <controlfield tag="008">040327e20030705                    eng  </controlfield>
  <datafield tag="035" ind1=" " ind2=" ">
    <subfield code="a">868286</subfield>
  </datafield>
  <datafield tag="035" ind1=" " ind2=" ">
    <subfield code="a">(OCoLC)820102125</subfield>
  </datafield>
  <datafield tag="040" ind1=" " ind2=" ">
    <subfield code="c">comduadb</subfield>
  </datafield>
  <datafield tag="041" ind1=" " ind2=" ">
    <subfield code="a">eng</subfield>
  </datafield>
  <datafield tag="100" ind1="1" ind2="0">
    <subfield code="a">Takenaga, Susumo</subfield>
    <subfield code="4">aut</subfield>
    <subfield code="e">aut</subfield>
    <subfield code="9">541113</subfield>
  </datafield>
  <datafield tag="245" ind1="1" ind2="0">
    <subfield code="a">Theory of money of David Ricardo : quantity theory and theory of value</subfield>
  </datafield>
  <datafield tag="520" ind1="3" ind2=" ">
    <subfield code="a">En lo que es necesario enfatizar, al caracterizar la teor&#xED;a cuantitativa de Ricardo, es en que &#xE9;sta es una teor&#xED;a de determinaci&#xF3;n del valor del dinero en una situaci&#xF3;n particular en la cual se impide que el dinero, sin importar cual sea su forma, entre y salga libremente de la circulaci&#xF3;n. Para Ricardo la regulaci&#xF3;n del valor del dinero por su cantidad es un caso particular en el cual el ajuste del precio de mercado al precio natural requiere un largo per&#xED;odo de tiempo. En todo caso, la determinaci&#xF3;n del valor del dinero es vinculada rara vez a su teor&#xED;a del valor de las mercanc&#xED;as. Contrario a la interpretaci&#xF3;n aceptada com&#xFA;nmente, Ricardo no aplic&#xF3; a la determinaci&#xF3;n del valor del dinero una teor&#xED;a del valor distinta de aquella aplicada a las mercanc&#xED;as en general.</subfield>
  </datafield>
  <datafield tag="650" ind1=" " ind2="7">
    <subfield code="a">Moneda</subfield>
    <subfield code="2">lemb</subfield>
    <subfield code="9">4507</subfield>
  </datafield>
  <datafield tag="650" ind1=" " ind2=" ">
    <subfield code="a">Pensamiento econ&#xF3;mico</subfield>
    <subfield code="9">19659</subfield>
  </datafield>
  <datafield tag="650" ind1=" " ind2=" ">
    <subfield code="a">Teor&#xED;a del valor</subfield>
    <subfield code="9">61843</subfield>
  </datafield>
  <datafield tag="650" ind1=" " ind2=" ">
    <subfield code="a">Ricardo, David</subfield>
    <subfield code="9">459</subfield>
  </datafield>
  <datafield tag="773" ind1="0" ind2=" ">
    <subfield code="t">Lecturas de Econom&#xED;a (Medell&#xED;n)</subfield>
    <subfield code="g">No. 59, Jul.-Dic. 2003, p. 73-126</subfield>
    <subfield code="w">6587</subfield>
    <subfield code="x">0120-2596</subfield>
    <subfield code="0">5331</subfield>
  </datafield>
  <datafield tag="942" ind1=" " ind2=" ">
    <subfield code="c">ARIMP</subfield>
  </datafield>
  <datafield tag="999" ind1=" " ind2=" ">
    <subfield code="c">311981</subfield>
    <subfield code="d">311981</subfield>
  </datafield>
</record>
